Do interior da revolucão (Record no. 46284)
[ view plain ]
| 000 -Etiqueta do registo | |
|---|---|
| Valores | 00765nam a2200253 4500 |
| 010 ## - Número ISBN | |
| ISBN | 9789727802340 |
| 021 ## - Número do Depósito Legal | |
| Número | 292611/09 |
| 100 ## - Dados gerais de processamento | |
| Dados gerais | 20100916d2009 km y0pory5003 ba |
| 101 0# - Língua de publicação | |
| Língua | por |
| 102 ## - País de publicação | |
| País | PT |
| 200 1# - Titulo e menção de responsabilidade | |
| Título próprio | Do interior da revolucão |
| Primeira menção de responsabilidade | Vasco Lourenço |
| Outras menções de responsabilidade | entrevista de Maria Manuela Cruzeiro |
| 205 ## - Menção da edição | |
| Edição | 1.ª ed. |
| 210 #9 - Publicação | |
| Local de publicação | Coimbra |
| Nome do editor | Âncora, |
| Data de publicação | 2009 |
| 215 ## - Descrição física | |
| Paginação / Volumes | 574, [2] p., [30] p. il. |
| Outras indicações físicas | il. |
| Dimensões | 24 cm |
| 675 ## - CDU | |
| Notação | 94(469) |
| 675 ## - CDU | |
| Notação | 929Louren—co, Vasco(047.53) |
| Edição | BN |
| Língua | por |
| 675 ## - CDU | |
| Notação | 355.11Louren—co, Vasco(047.53) |
| Edição | BN |
| Língua | por |
| 675 ## - CDU | |
| Notação | 323.2(469)"1974"(047.53) |
| Edição | BN |
| Língua | por |
| 700 #1 - Autor principal | |
| Apelido | Louren—co, |
| Nome | Vasco, |
| Datas | 1942- |
| 702 #1 - Autor secundário | |
| Apelido | Cruzeiro, |
| Nome | Maria Manuela, |
| Datas | 1947- |
| Função | 470 |
| 801 #0 - Fonte de origem | |
| País | PT |
| Agência | BN |
| Regras de catalogação | RPC |
| 990 ## - Elementos KOHA | |
| Tipo de documento | Livro |
| Aquisição | Empréstimo | Código de barras | Cota | Permissão de empréstimo | Tipo de documento | Nota relativa ao exemplar |
|---|---|---|---|---|---|---|
| Biblioteca Municipal de Redondo | Biblioteca Municipal de Redondo | 057392 | 323.2(469) LOU | Livro | oferta de Franklim Amaro Cabreirinha. Obra sobre a Revolução do 25 de abril de 1974 |